Catholicism: a study de dogma in relation to the corporate destiny of mankind

Saved in:
Bibliografiske detaljer
Hovedforfatter: Lubac, Henri de, 1896-1991 (autor)
Format: Bog
Sprog:spansk
Udgivet: Nueva York Mentor Omega Book 1964
Udgivelse:1a. ed
Serier:MT, 573
75c
Fag:
Tags: Tilføj Tag
Ingen Tags, Vær først til at tagge denne postø!

MARC

LEADER 00000cam a2200000 a 4500
001 UCD0116
003 CL-VaPUC
008 151112e19640000us |||||||||||||||||spa|d
082 0 4 |a 230.2  |b LUB  |2 21 
100 |a Lubac, Henri de,  |d 1896-1991  |e autor  |9 593067 
245 1 0 |a Catholicism: a study de dogma in relation to the corporate destiny of mankind 
250 |a 1a. ed 
300 |a 280 p 
942 |c BK 
945 |d 20151112 20:22:00  |a gsalatino 
260 |a Nueva York  |b Mentor Omega Book  |c 1964 
650 0 |a Catolicismo  |9 258690 
650 0 |a Teología   |9 258766 
650 0 |a Religión   |9 255164 
650 0 |a Crítica e interpretación   |9 255042 
583 |a last modification  |c 20151112 20:22:00  |k Rodrigo Vera 
490 0 |a MT, 573 
490 0 |a 75c 
999 |c 361738  |d 361736 
952 |0 0  |1 0  |3 erb  |4 0  |6 230_200000000000000_LUB_1964  |7 0  |8 P  |9 472383  |a BIBTEO  |b BIBTES  |c TEO_FTES  |i 5270405  |o 230.2 LUB 1964  |p 5270405  |r 2024-01-18  |w 2019-11-24  |y BK  |z Catalogado en:20151112  |k ICR